[Event "35. Rilton Cup 2005/2006"]
[Site "Stockholm"]
[Date "2005.12.27"]
[Round "1.2"]
[White "Iordachescu, Viorel"]
[Black "Flindt, Thomas"]
[Result "1-0"]
[WhiteElo "2583"]
[BlackElo "2177"]
[PlyCount "41"]
[EventDate "2005.12.27"]
[EventType "swiss"]
[EventRounds "9"]
[EventCountry "SWE"]
[Source "lmi"]
[SourceDate "2006.01.06"]

1. e4 Nc6 2. Nf3 d6 3. d4 e5 4. Bb5 exd4 5. Nxd4 Bd7 6. Bxc6 bxc6 7. O-O Be7 8.
Qf3 c5 9. Nf5 Bxf5 10. exf5 Nf6 11. Re1 O-O 12. Nc3 d5 13. g4 d4 14. Ne4 Nxe4
15. Rxe4 Qd5 16. Bd2 Rae8 17. Qe2 Rb8 18. Rxe7 Rxb2 19. Re8 Qd7 20. Rxf8+ Kxf8
21. Bc1 1-0

[Event "35. Rilton Cup 2005/2006"]
[Site "Stockholm"]
[Date "2005.12.27"]
[Round "1.3"]
[White "Jensen, Leif"]
[Black "Postny, Evgeny"]
[Result "0-1"]
[WhiteElo "2166"]
[BlackElo "2571"]
[PlyCount "58"]
[EventDate "2005.12.27"]
[EventType "swiss"]
[EventRounds "9"]
[EventCountry "SWE"]
[Source "lmi"]
[SourceDate "2006.01.06"]

1. e4 c5 2. g3 b6 3. Bg2 Bb7 4. d3 e6 5. f4 d5 6. e5 Nc6 7. c3 h5 8. Nf3 h4 9.
Nxh4 Rxh4 10. gxh4 Qxh4+ 11. Kf1 Nge7 12. Qe1 Qh7 13. Nd2 Qxd3+ 14. Qe2 Qf5 15.
Nf3 Ng6 16. Qd2 Ba6+ 17. Kf2 Bd3 18. h4 c4 19. Kg3 Qh5 20. Bh3 Nge7 21. Bg4
Nf5+ 22. Kh3 Qh6 23. Bxf5 Bxf5+ 24. Kg2 Qg6+ 25. Kf1 Bd3+ 26. Ke1 Bc5 27. Ng5
f6 28. h5 Qf5 29. exf6 gxf6 0-1

[Event "35. Rilton Cup 2005/2006"]
[Site "Stockholm"]
[Date "2005.12.27"]
[Round "1.4"]
[White "Johannessen, Leif Erlend"]
[Black "Fieandt, John"]
[Result "1-0"]
[WhiteElo "2564"]
[BlackElo "2161"]
[PlyCount "87"]
[EventDate "2005.12.27"]
[EventType "swiss"]
[EventRounds "9"]
[EventCountry "SWE"]
[Source "lmi"]
[SourceDate "2006.01.06"]

1. d4 d5 2. c4 c6 3. Nf3 Nf6 4. Nc3 dxc4 5. a4 Bf5 6. Ne5 e6 7. f3 c5 8. e4
cxd4 9. exf5 Nc6 10. Nxc6 bxc6 11. Bxc4 dxc3 12. fxe6 Qxd1+ 13. Kxd1 fxe6 14.
bxc3 Nd5 15. Kc2 Bd6 16. Rb1 Rb8 17. Rxb8+ Bxb8 18. Bd2 Rf8 19. Bd3 g6 20. Re1
Kd7 21. Rb1 Bc7 22. Rb7 a5 23. Be4 Kc8 24. Rb1 Rf7 25. g3 Bd6 26. c4 Nb4+ 27.
Kd1 Kc7 28. Ke2 Rf8 29. Rd1 Re8 30. Bc3 Rg8 31. f4 Re8 32. h4 Re7 33. h5 gxh5
34. Rh1 Rd7 35. Rxh5 c5 36. Rxh7 Rxh7 37. Bxh7 Nc6 38. Be4 Nd4+ 39. Kd3 Nb3 40.
Bf3 Kb6 41. Bg4 Nd4 42. Bxd4 cxd4 43. Kxd4 Bc5+ 44. Ke4 1-0

[Event "35. Rilton Cup 2005/2006"]
[Site "Stockholm"]
[Date "2005.12.27"]
[Round "1.5"]
[White "Bentsen, Oyvind"]
[Black "Nyback, Tomi"]
[Result "0-1"]
[WhiteElo "2146"]
[BlackElo "2563"]
[PlyCount "56"]
[EventDate "2005.12.27"]
[EventType "swiss"]
[EventRounds "9"]
[EventCountry "SWE"]
[Source "lmi"]
[SourceDate "2006.01.06"]

1. e4 d6 2. d4 Nf6 3. Bd3 e5 4. dxe5 dxe5 5. Nf3 Nc6 6. Bg5 Bg4 7. Nbd2 h6 8.
Be3 Be7 9. Bb5 Qd6 10. c3 O-O 11. Qc2 Nd7 12. O-O-O a6 13. Ba4 b5 14. Bb3 Na5
15. h3 Bh5 16. Nc4 Nxb3+ 17. Qxb3 bxc4 18. Rxd6 cxb3 19. Rxd7 bxa2 20. Kc2 Bd6
21. Bb6 Rfc8 22. Nh4 Rab8 23. Ba5 Be2 24. Nf5 Bb5 25. Nxd6 cxd6 26. Rxd6 Ba4+
27. Kd3 Rxb2 28. Ra1 Bb3 0-1

[Event "35. Rilton Cup 2005/2006"]
[Site "Stockholm"]
[Date "2005.12.27"]
[Round "1.6"]
[White "Berg, Emanuel"]
[Black "Hammar, Ulf"]
[Result "1-0"]
[WhiteElo "2540"]
[BlackElo "2156"]
[PlyCount "53"]
[EventDate "2005.12.27"]
[EventType "swiss"]
[EventRounds "9"]
[EventCountry "SWE"]
[Source "lmi"]
[SourceDate "2006.01.06"]

1. e4 e6 2. d4 d5 3. Nc3 Bb4 4. e5 c5 5. a3 Bxc3+ 6. bxc3 Ne7 7. Qg4 Qc7 8. Bd3
cxd4 9. Ne2 dxc3 10. Qxg7 Rg8 11. Qxh7 Nbc6 12. h4 Bd7 13. Bg5 Nxe5 14. f4
Nxd3+ 15. Qxd3 Rc8 16. h5 Qc5 17. h6 Bb5 18. Qd4 Qc4 19. Qxc4 Rxc4 20. h7 Re4
21. Bxe7 Rxg2 22. h8=Q+ Kxe7 23. O-O-O Rexe2 24. Qxc3 Kd7 25. f5 Ba4 26. fxe6+
Kxe6 27. Rh6+ 1-0

[Event "35. Rilton Cup 2005/2006"]
[Site "Stockholm"]
[Date "2005.12.27"]
[Round "1.7"]
[White "Foglia, Maurizio"]
[Black "Ivanov, Sergey"]
[Result "0-1"]
[WhiteElo "2150"]
[BlackElo "2538"]
[PlyCount "59"]
[EventDate "2005.12.27"]
[EventType "swiss"]
[EventRounds "9"]
[EventCountry "SWE"]
[Source "lmi"]
[SourceDate "2006.01.06"]

1. Nf3 d5 2. b3 Nf6 3. Bb2 e6 4. e3 c5 5. c4 Nc6 6. cxd5 exd5 7. Bb5 Bd6 8. O-O
O-O 9. h3 Re8 10. d4 cxd4 11. Nxd4 Bd7 12. Nc3 Rc8 13. Rc1 Bb8 14. Nf3 a6 15.
Bxc6 bxc6 16. Qd4 c5 17. Qh4 Bc6 18. Na4 d4 19. Rxc5 Re4 20. g4 dxe3 21. Bxf6
gxf6 22. Nc3 exf2+ 23. Rxf2 Re3 24. Rd2 Rd3 25. Rxc6 Rxc6 26. Ne4 Rxd2 27.
Nfxd2 Bf4 28. Nc4 Qd4+ 29. Nf2 Re6 30. g5 0-1

[Event "35. Rilton Cup 2005/2006"]
[Site "Stockholm"]
[Date "2005.12.27"]
[Round "1.8"]
[White "Hillarp Persson, Tiger"]
[Black "Skjoldan, Benjamin"]
[Result "1/2-1/2"]
[WhiteElo "2534"]
[BlackElo "2149"]
[PlyCount "93"]
[EventDate "2005.12.27"]
[EventType "swiss"]
[EventRounds "9"]
[EventCountry "SWE"]
[Source "lmi"]
[SourceDate "2006.01.06"]

1. d4 d5 2. c4 e6 3. Nc3 Be7 4. cxd5 exd5 5. Bf4 c6 6. e3 Bf5 7. g4 Bg6 8. h4
h6 9. Nge2 Nd7 10. Bg3 Ngf6 11. Nf4 Bh7 12. f3 Bd6 13. g5 Ng8 14. Kf2 Ne7 15.
Bh3 Nf5 16. Bxf5 Bxf5 17. Nh5 Bxg3+ 18. Nxg3 Be6 19. f4 g6 20. Rc1 Qb6 21. Na4
Qa5 22. Qc2 hxg5 23. hxg5 O-O-O 24. a3 Nb6 25. Nc5 Nc4 26. a4 Rde8 27. Nxe6
Rxh1 28. Rxh1 Rxe6 29. Re1 Re8 30. b3 Qd2+ 31. Qxd2 Nxd2 32. b4 Rh8 33. Kg2 Kd7
34. Re2 Nb1 35. Rc2 Na3 36. Re2 Nb1 37. Rc2 Na3 38. Rc3 Nc4 39. b5 cxb5 40.
axb5 a5 41. bxa6 bxa6 42. e4 Kc6 43. Nf1 Kd6 44. e5+ Ke6 45. Ne3 Rc8 46. Kg3 a5
47. f5+ 1/2-1/2

[Event "35. Rilton Cup 2005/2006"]
[Site "Stockholm"]
[Date "2005.12.27"]
[Round "1.10"]
[White "Fontaine, Robert"]
[Black "Azizi, Haroon"]
[Result "1-0"]
[WhiteElo "2507"]
[BlackElo "2145"]
[PlyCount "55"]
[EventDate "2005.12.27"]
[EventType "swiss"]
[EventRounds "9"]
[EventCountry "SWE"]
[Source "lmi"]
[SourceDate "2006.01.06"]

1. d4 d5 2. Nf3 Nc6 3. Bf4 Bf5 4. e3 a6 5. c4 dxc4 6. Bxc4 e6 7. Nc3 Nf6 8. O-O
Be7 9. h3 O-O 10. Rc1 Nb4 11. Be5 b5 12. Be2 Nbd5 13. Nxd5 Nxd5 14. Nd2 Bb4 15.
Bf3 Bd3 16. Re1 Ra7 17. a3 Ba5 18. Nb3 Bxe1 19. Qxd3 c5 20. dxc5 Ba5 21. Bd6
Ne7 22. Nxa5 Qxa5 23. c6 Re8 24. b4 Qd8 25. c7 Qd7 26. Qd4 Nc8 27. Bc6 Qxd6 28.
Qxd6 1-0

[Event "35. Rilton Cup 2005/2006"]
[Site "Stockholm"]
[Date "2005.12.27"]
[Round "1.11"]
[White "Mardell, Jimmy"]
[Black "Karlsson, Lars"]
[Result "0-1"]
[WhiteElo "2140"]
[BlackElo "2501"]
[PlyCount "112"]
[EventDate "2005.12.27"]
[EventType "swiss"]
[EventRounds "9"]
[EventCountry "SWE"]
[Source "lmi"]
[SourceDate "2006.01.06"]

1. e4 c5 2. Nf3 d6 3. d4 cxd4 4. Nxd4 Nf6 5. Nc3 g6 6. Be3 Bg7 7. f3 Nc6 8. Qd2
Bd7 9. O-O-O h5 10. Bc4 Rc8 11. Bb3 Ne5 12. h3 Qc7 13. g4 Nc4 14. Bxc4 Qxc4 15.
g5 Nh7 16. Kb1 Nf8 17. Nd5 Ne6 18. b3 Qa6 19. Nxe6 fxe6 20. Bd4 Bxd4 21. Qxd4
Rf8 22. Ne3 e5 23. Qd5 Qc6 24. Rd3 Qxd5 25. Nxd5 Be6 26. c4 Bxd5 27. cxd5 Kd7
28. Rf1 b5 29. Kb2 b4 30. Rf2 Rf4 31. a3 a5 32. axb4 axb4 33. Rf1 Rh4 34. Rh1
Rc7 35. Rh2 Rf4 36. Rh1 Rc3 37. Rxc3 bxc3+ 38. Kxc3 Rxf3+ 39. Kc4 Re3 40. Ra1
Rxe4+ 41. Kb5 Rd4 42. Ra7+ Ke8 43. b4 e4 44. Ra3 Rxd5+ 45. Kc6 Rd3 46. Ra8+ Kf7
47. b5 e3 48. Ra2 Rc3+ 49. Kd7 Rb3 50. Kc6 Ke6 51. b6 d5 52. b7 d4 53. Kc5 Ke5
54. Ra7 d3 55. b8=Q+ Rxb8 56. Rxe7+ Kf4 0-1

[Event "35. Rilton Cup 2005/2006"]
[Site "Stockholm"]
[Date "2005.12.27"]
[Round "1.12"]
[White "Brynell, Stellan"]
[Black "Janse, Love"]
[Result "1-0"]
[WhiteElo "2496"]
[BlackElo "2134"]
[PlyCount "129"]
[EventDate "2005.12.27"]
[EventType "swiss"]
[EventRounds "9"]
[EventCountry "SWE"]
[Source "lmi"]
[SourceDate "2006.01.06"]

1. d4 f5 2. g3 Nf6 3. Bg2 d6 4. Nf3 g6 5. O-O Bg7 6. c4 O-O 7. Nc3 Qe8 8. Nd5
Nxd5 9. cxd5 Qb5 10. Ng5 h6 11. Ne6 Bxe6 12. dxe6 d5 13. a4 Qc4 14. e3 c6 15.
Bd2 Rf6 16. Re1 Qa6 17. a5 Rxe6 18. Qa4 b5 19. axb6 axb6 20. Qxa6 Rxa6 21. Rxa6
Nxa6 22. Ra1 Nc7 23. Ra7 Ne8 24. Ra6 Nd6 25. Rxb6 Ne4 26. Bb4 Kf7 27. Rb8 Rf6
28. Rc8 Bf8 29. Bf3 Kg7 30. Rc7 Kf7 31. Bd1 Nd6 32. Rxc6 Nc4 33. Rxf6+ Kxf6 34.
b3 Nb6 35. Bf3 Ke6 36. Kf1 Nd7 37. Be2 Kf6 38. Bb5 e6 39. Ba5 Ke7 40. Bc7 Ke8
41. h4 Bb4 42. Bf4 Bf8 43. Ke2 Kd8 44. Kd3 Nf6 45. f3 Nh5 46. Be5 Be7 47. Kc3
g5 48. hxg5 hxg5 49. Be2 Nf6 50. b4 Nd7 51. Bg7 Bd6 52. Bh6 Bxg3 53. Bxg5+ Kc7
54. Be7 Nb8 55. Kd2 Nc6 56. Bc5 Bf2 57. f4 Nb8 58. Bh5 Nc6 59. Be8 Nb8 60. Bf7
Kd7 61. b5 Bh4 62. Ba7 Ke7 63. Bxb8 Kxf7 64. b6 Bd8 65. b7 1-0

[Event "35. Rilton Cup 2005/2006"]
[Site "Stockholm"]
[Date "2005.12.27"]
[Round "1.13"]
[White "Zadruzny, Nikolaj"]
[Black "Cicak, Slavko"]
[Result "1/2-1/2"]
[WhiteElo "2107"]
[BlackElo "2497"]
[PlyCount "99"]
[EventDate "2005.12.27"]
[EventType "swiss"]
[EventRounds "9"]
[EventCountry "SWE"]
[Source "lmi"]
[SourceDate "2006.01.06"]

1. e4 c5 2. Nf3 d6 3. d4 cxd4 4. Nxd4 Nf6 5. Nc3 Nc6 6. Bg5 e6 7. Qd2 a6 8.
O-O-O Qc7 9. Be2 Be7 10. f4 Bd7 11. f5 Ne5 12. g4 b5 13. a3 h6 14. Bf4 Nc4 15.
Bxc4 Qxc4 16. fxe6 fxe6 17. Nf3 e5 18. Bxe5 dxe5 19. Nxe5 Qe6 20. Ng6 O-O-O 21.
Nxh8 Rxh8 22. Qd4 Rd8 23. h3 Kb7 24. Nd5 Be8 25. Qc3 Rc8 26. Qd3 Rd8 27. Qc3
Bd6 28. Qa5 Nxd5 29. Qxd8 Bf4+ 30. Kb1 Ne3 31. Rd3 Nc4 32. Rhd1 Bc7 33. Qd5+
Qc6 34. Rf3 Bg6 35. Rc3 Bxe4 36. Qd4 Qg6 37. Re1 Bc6 38. Re7 Qf6 39. Qxf6 gxf6
40. b3 Nxa3+ 41. Kc1 b4 42. Rc5 Nb5 43. Rf5 Bg2 44. h4 Bh3 45. Rxf6 Bxg4 46.
Rxh6 Nc3 47. Rg6 Bf3 48. Rf6 Bg4 49. Rg6 Bf3 50. Rf6 1/2-1/2

[Event "35. Rilton Cup 2005/2006"]
[Site "Stockholm"]
[Date "2005.12.27"]
[Round "1.14"]
[White "Cramling, Pia"]
[Black "Ullen, Jan"]
[Result "1-0"]
[WhiteElo "2492"]
[BlackElo "2125"]
[PlyCount "73"]
[EventDate "2005.12.27"]
[EventType "swiss"]
[EventRounds "9"]
[EventCountry "SWE"]
[Source "lmi"]
[SourceDate "2006.01.06"]

1. d4 Nf6 2. Nf3 e6 3. c4 b6 4. g3 Bb7 5. Bg2 Bb4+ 6. Bd2 a5 7. O-O O-O 8. Bf4
Re8 9. c5 a4 10. a3 Ba5 11. Qxa4 Bd2 12. Qc2 Bxf4 13. gxf4 Be4 14. Qd2 d6 15.
cxd6 cxd6 16. Nc3 Nbd7 17. Rfc1 Ra5 18. Nxe4 Nxe4 19. Qd3 f5 20. Nd2 Nxd2 21.
Qxd2 d5 22. Rc6 Qa8 23. Rac1 Ra7 24. Qe3 Nc5 25. Rxb6 Ne4 26. f3 Qd8 27. Rcc6
Nf6 28. Qc1 h6 29. Rb3 Nh5 30. Rbc3 Qh4 31. e3 e5 32. fxe5 f4 33. e4 dxe4 34.
fxe4 Rf8 35. Rc8 Ra8 36. Rxa8 Rxa8 37. Qf1 1-0

[Event "35. Rilton Cup 2005/2006"]
[Site "Stockholm"]
[Date "2005.12.27"]
[Round "1.15"]
[White "Martinsen, Stig K"]
[Black "Jaracz, Pawel"]
[Result "0-1"]
[WhiteElo "2124"]
[BlackElo "2492"]
[PlyCount "122"]
[EventDate "2005.12.27"]
[EventType "swiss"]
[EventRounds "9"]
[EventCountry "SWE"]
[Source "lmi"]
[SourceDate "2006.01.06"]

1. d4 Nf6 2. Nf3 e6 3. e3 c5 4. Bd3 Nc6 5. O-O Be7 6. b3 b6 7. c4 cxd4 8. exd4
d5 9. Bb2 Bb7 10. Nbd2 O-O 11. Rc1 Rc8 12. Qe2 Re8 13. h3 Bf8 14. Rfd1 g6 15.
Qe3 Rc7 16. Ne5 dxc4 17. bxc4 Bg7 18. Ndf3 Qa8 19. Ba3 Nxe5 20. dxe5 Nd7 21.
Bd6 Rcc8 22. Ng5 h6 23. Nxf7 Kxf7 24. Qf4+ Kg8 25. Bxg6 Nf8 26. Bf7+ Kh8 27.
Rc3 Nh7 28. Rg3 Be4 29. Bxe8 Rxe8 30. Qf7 Ng5 31. Qh5 Bh7 32. Qg4 Bf5 33. Qh5
Ne4 34. Re3 Kh7 35. Qf3 Qb7 36. Rd4 Nxd6 37. Rxd6 Qxf3 38. Rxf3 Re7 39. Re3 h5
40. Rd8 Rc7 41. Rd4 Bf8 42. Rf3 Bc5 43. Rdf4 Be7 44. Rd4 Kg7 45. Rb3 Kf8 46.
Rb2 Ke8 47. g4 hxg4 48. hxg4 Bc5 49. Rf4 Rg7 50. Rb3 Rxg4+ 51. Rxg4 Bxg4 52.
Kf1 a5 53. f3 Bf5 54. Ke2 Kd7 55. f4 Kc6 56. Kd2 Bb4+ 57. Kc1 Kc5 58. a3 Kxc4
59. Rg3 Bc5 60. Kb2 Kd4 61. Rf3 Ke4 0-1

[Event "35. Rilton Cup 2005/2006"]
[Site "Stockholm"]
[Date "2005.12.27"]
[Round "1.16"]
[White "Hallerod, Ralph"]
[Black "Jiretorn, Eva"]
[Result "1-0"]
[WhiteElo "2178"]
[BlackElo "2121"]
[PlyCount "63"]
[EventDate "2005.12.27"]
[EventType "swiss"]
[EventRounds "9"]
[EventCountry "SWE"]
[Source "lmi"]
[SourceDate "2006.01.06"]

1. d4 d5 2. c4 c6 3. Nc3 dxc4 4. e4 e5 5. Nf3 exd4 6. Qxd4 Qxd4 7. Nxd4 b5 8.
a4 b4 9. Nd1 Nf6 10. f3 Bc5 11. Be3 c3 12. bxc3 O-O 13. Nxc6 Bxe3 14. Ne7+ Kh8
15. Nxe3 bxc3 16. Rc1 Bd7 17. a5 a6 18. Rxc3 Bb5 19. Kf2 Nbd7 20. Bxb5 axb5 21.
Ra1 Rfe8 22. N7d5 b4 23. Nxf6 Nxf6 24. Rb3 Reb8 25. Nc2 Rb5 26. a6 Rb6 27. Nxb4
Nd7 28. Rc1 g6 29. Rc7 Ne5 30. Rb7 Re6 31. a7 Ree8 32. Nd5 1-0

[Event "35. Rilton Cup 2005/2006"]
[Site "Stockholm"]
[Date "2005.12.27"]
[Round "1.17"]
[White "Luna, Gustavo"]
[Black "Ernst, Thomas"]
[Result "0-1"]
[WhiteElo "2116"]
[BlackElo "2475"]
[PlyCount "88"]
[EventDate "2005.12.27"]
[EventType "swiss"]
[EventRounds "9"]
[EventCountry "SWE"]
[Source "lmi"]
[SourceDate "2006.01.06"]

1. d4 Nf6 2. c4 e6 3. Nf3 c5 4. Nc3 cxd4 5. Nxd4 Nc6 6. e3 d5 7. Be2 Bc5 8.
Nxc6 bxc6 9. Qa4 Bd7 10. cxd5 cxd5 11. Bb5 O-O 12. Bxd7 Nxd7 13. O-O Ne5 14. b3
Qf6 15. Ba3 Bxa3 16. Qxa3 Nf3+ 17. gxf3 Qxc3 18. Rac1 Qf6 19. Rc7 Qxf3 20. Rfc1
d4 21. exd4 Qg4+ 22. Kh1 Qxd4 23. Qc5 Qd2 24. Rg1 g6 25. Rg3 Qxa2 26. h4 Rad8
27. Qxa7 Qb1+ 28. Kh2 Rd3 29. Rc3 Rxg3 30. Rxg3 Qf5 31. Qe3 Qh5 32. Qf4 Kg7 33.
Rf3 f6 34. Rh3 Rf7 35. Qd6 Qf5 36. Qd2 e5 37. Rg3 Rd7 38. Qe3 Rd4 39. Rh3 Rf4
40. Qa7+ Kh6 41. h5 gxh5 42. Qc5 Rg4 43. f3 Qf4+ 44. Kh1 Rg8 0-1

[Event "35. Rilton Cup 2005/2006"]
[Site "Stockholm"]
[Date "2005.12.27"]
[Round "1.18"]
[White "Berczes, David"]
[Black "Norqvist, Jorgen"]
[Result "1-0"]
[WhiteElo "2475"]
[BlackElo "2110"]
[PlyCount "81"]
[EventDate "2005.12.27"]
[EventType "swiss"]
[EventRounds "9"]
[EventCountry "SWE"]
[Source "lmi"]
[SourceDate "2006.01.06"]

1. d4 d5 2. c4 e6 3. Nc3 c5 4. cxd5 cxd4 5. Qxd4 Nc6 6. Qa4 exd5 7. e3 a6 8.
Nf3 Nf6 9. Be2 Bd6 10. O-O O-O 11. Rd1 Be6 12. Bd2 Qe7 13. Be1 h6 14. Rac1 Rac8
15. a3 Rfd8 16. Bf1 Bb8 17. h3 Kh8 18. Ne2 Ne4 19. Ned4 Nxd4 20. Qxd4 Nc5 21.
Bc3 f6 22. Bb4 Bd6 23. Nh4 Kg8 24. Rc3 b6 25. a4 Be5 26. Ng6 Qd6 27. Nxe5 fxe5
28. Qh4 Qd7 29. a5 Ne4 30. Rxc8 Rxc8 31. Bxa6 Ra8 32. Bd3 Nc5 33. Bc2 Qb5 34.
axb6 Qxb6 35. Bc3 Nd7 36. Qe7 Rf8 37. Qb4 Qc7 38. Qa5 Qb7 39. Qb4 Qc7 40. Qa5
Qb7 41. Ra1 1-0

[Event "35. Rilton Cup 2005/2006"]
[Site "Stockholm"]
[Date "2005.12.27"]
[Round "1.19"]
[White "Backmann, Michael"]
[Black "Miezis, Normunds"]
[Result "1-0"]
[WhiteElo "2110"]
[BlackElo "2470"]
[PlyCount "93"]
[EventDate "2005.12.27"]
[EventType "swiss"]
[EventRounds "9"]
[EventCountry "SWE"]
[Source "lmi"]
[SourceDate "2006.01.06"]

1. d4 Nf6 2. c4 c5 3. d5 e6 4. Nc3 exd5 5. cxd5 Bd6 6. e4 O-O 7. Bd3 Re8 8.
Nge2 Bc7 9. f3 d6 10. O-O Nbd7 11. Ng3 a6 12. a4 Ne5 13. Bc2 Ng6 14. Kh1 Rb8
15. Be3 Bd7 16. Qd2 Ba5 17. h3 b5 18. axb5 axb5 19. Bg5 Ra8 20. Nh5 Nxh5 21.
Bxd8 Ng3+ 22. Kh2 Nxf1+ 23. Rxf1 Rexd8 24. Qg5 b4 25. Nd1 Bb5 26. Rf2 c4 27. h4
Re8 28. h5 Re5 29. Qg4 b3 30. Bb1 Bb6 31. hxg6 hxg6 32. Rd2 Ra1 33. Nc3 Be8 34.
f4 Rh5+ 35. Kg3 Kh7 36. e5 Kg8 37. exd6 f5 38. Qe2 Bf7 39. d7 Ra8 40. Qxc4 Rd8
41. Qc6 Ba5 42. Re2 Kh7 43. Re7 Kg8 44. Re8+ Kh7 45. Rxd8 Bxd8 46. Qc8 Bh4+ 47.
Kf3 1-0

[Event "35. Rilton Cup 2005/2006"]
[Site "Stockholm"]
[Date "2005.12.27"]
[Round "1.20"]
[White "Handke, Florian"]
[Black "Hansen, Victor"]
[Result "1/2-1/2"]
[WhiteElo "2460"]
[BlackElo "2116"]
[PlyCount "99"]
[EventDate "2005.12.27"]
[EventType "swiss"]
[EventRounds "9"]
[EventCountry "SWE"]
[Source "lmi"]
[SourceDate "2006.01.06"]

1. e4 c6 2. d4 d5 3. e5 c5 4. dxc5 Nc6 5. Bf4 e6 6. Nf3 Bxc5 7. Bd3 Qb6 8. O-O
Qxb2 9. Nbd2 Qb6 10. Ng5 g6 11. Qf3 Nd4 12. Qh3 h6 13. c3 Nf5 14. Rab1 Qc7 15.
g4 Ng7 16. c4 Kf8 17. Bg3 Qe7 18. cxd5 exd5 19. Ngf3 h5 20. e6 Bxe6 21. Rfe1
Nh6 22. Bh4 Qc7 23. Ng5 Bxg4 24. Qg2 Nhf5 25. Bxf5 Nxf5 26. Qxd5 Rd8 27. Qxd8+
Qxd8 28. Ne6+ fxe6 29. Bxd8 Rh7 30. Rxe6 Rd7 31. Bg5 Kf7 32. Re5 Bd4 33. Re4
Ng7 34. Rbe1 Ne6 35. Bh6 Bc3 36. f3 Bf5 37. R4e2 g5 38. Rc1 Bxd2 39. Rd1 Kg6
40. Rexd2 Rxd2 41. Rxd2 Kxh6 42. Rd7 b5 43. Rd5 Bb1 44. a3 a6 45. Rd6 Ba2 46.
Rxa6 Kg6 47. Kf2 Kf6 48. Ke3 Bd5 49. Rb6 Bc4 50. Ke4 1/2-1/2

[Event "35. Rilton Cup 2005/2006"]
[Site "Stockholm"]
[Date "2005.12.27"]
[Round "1.22"]
[White "Hermansson, Emil"]
[Black "Revelj, Oskar"]
[Result "1-0"]
[WhiteElo "2449"]
[BlackElo "2099"]
[PlyCount "43"]
[EventDate "2005.12.27"]
[EventType "swiss"]
[EventRounds "9"]
[EventCountry "SWE"]
[Source "lmi"]
[SourceDate "2006.01.06"]

1. e4 e5 2. Nf3 Nf6 3. Nxe5 d6 4. Nf3 Nxe4 5. d4 d5 6. Bd3 Bd6 7. O-O O-O 8. c4
c6 9. Qc2 Bg4 10. Ne5 Bxe5 11. dxe5 Ng5 12. Bxg5 Qxg5 13. Bxh7+ Kh8 14. f4 Qh5
15. Bd3 Na6 16. h3 Be6 17. cxd5 Nb4 18. Qd2 Nxd3 19. dxe6 Nc5 20. e7 Rfe8 21.
Nc3 Rxe7 22. Qd6 1-0

[Event "35. Rilton Cup 2005/2006"]
[Site "Stockholm"]
[Date "2005.12.27"]
[Round "1.23"]
[White "Algars, Olle"]
[Black "Carlsson, Pontus"]
[Result "0-1"]
[WhiteElo "2097"]
[BlackElo "2435"]
[PlyCount "75"]
[EventDate "2005.12.27"]
[EventType "swiss"]
[EventRounds "9"]
[EventCountry "SWE"]
[Source "lmi"]
[SourceDate "2006.01.06"]

1. e4 c5 2. Nc3 Nc6 3. g3 g6 4. Bg2 Bg7 5. f4 d6 6. d3 e6 7. Nge2 Nge7 8. f5
exf5 9. Nf4 O-O 10. O-O fxe4 11. Bxe4 Be6 12. Bg2 Qd7 13. h3 d5 14. Kh2 b6 15.
Re1 Rae8 16. g4 h6 17. Kh1 d4 18. Ne4 Nd5 19. Nxe6 Rxe6 20. Bd2 f5 21. gxf5
gxf5 22. Ng3 f4 23. Ne4 Ne5 24. Rf1 Rg6 25. Qh5 Rf5 26. Qe2 Rf7 27. Qh5 Kh7 28.
Nxc5 bxc5 29. Be4 Nf6 30. Bxg6+ Nxg6 31. Qf3 Nh4 32. Qf2 Qxh3+ 33. Qh2 Qxh2+
34. Kxh2 Nd5 35. Rae1 Ng6 36. Rf3 Ne5 37. Rh3 Ne3 38. Re2 0-1

[Event "35. Rilton Cup 2005/2006"]
[Site "Stockholm"]
[Date "2005.12.27"]
[Round "1.24"]
[White "Khmelniker, Ilya"]
[Black "Blomqvist, Erik"]
[Result "1-0"]
[WhiteElo "2430"]
[BlackElo "2107"]
[PlyCount "167"]
[EventDate "2005.12.27"]
[EventType "swiss"]
[EventRounds "9"]
[EventCountry "SWE"]
[Source "lmi"]
[SourceDate "2006.01.06"]

1. d4 d5 2. Nf3 Nf6 3. c4 c6 4. Nc3 dxc4 5. a4 Bf5 6. Ne5 e6 7. f3 Bb4 8. e4
Bxe4 9. fxe4 Nxe4 10. Bd2 Qxd4 11. Nxe4 Qxe4+ 12. Qe2 Bxd2+ 13. Kxd2 Qd5+ 14.
Kc2 Na6 15. Nxc4 O-O-O 16. Qe3 Nb4+ 17. Kb3 c5 18. Rc1 Nc6 19. Ka3 Rd7 20. Na5
Nd4 21. Nb3 Rc7 22. Bc4 Qd6 23. Ka2 Kb8 24. Nxd4 cxd4 25. Qa3 Qe5 26. g3 Rhc8
27. Rhe1 Qa5 28. b3 Rd8 29. Qb2 a6 30. Kb1 Qf5+ 31. Qc2 d3 32. Qd2 b5 33. axb5
axb5 34. g4 Qc5 35. Bxd3 Qd5 36. Rxc7 Qxb3+ 37. Qb2 Qxb2+ 38. Kxb2 Kxc7 39. Kc2
Rd4 40. h3 h5 41. gxh5 Rh4 42. Rf1 Rxh5 43. Rxf7+ Kd6 44. Rf3 b4 45. Rg3 Ke5
46. Be2 Kf4 47. Rf3+ Ke4 48. Rb3 Rc5+ 49. Kd2 Rd5+ 50. Ke1 Rd4 51. Rg3 Rd7 52.
Rg4+ Kf5 53. Rxb4 Rd6 54. Kf2 Rc6 55. Bg4+ Ke5 56. Rb7 Kf6 57. Kg3 Ra6 58. Rb3
Rc6 59. Rf3+ Kg5 60. Rf8 Rc3+ 61. Kf2 Rc6 62. Ke3 Ra6 63. Ke4 Ra1 64. Bxe6 Re1+
65. Kd5 Rd1+ 66. Ke5 Kg6 67. Bf5+ Kg5 68. Be6 g6 69. Rg8 Re1+ 70. Kd6 Rd1+ 71.
Ke7 Ra1 72. Rh8 Ra7+ 73. Bd7 Rb7 74. h4+ Kf4 75. Rg8 Rb6 76. Be6 Rb5 77. Rxg6
Rh5 78. Rg4+ Kf3 79. Kf7 Rh6 80. Bf5 Rh8 81. Kf6 Rf8+ 82. Kg5 Rg8+ 83. Bg6
Rxg6+ 84. Kxg6 1-0

[Event "35. Rilton Cup 2005/2006"]
[Site "Stockholm"]
[Date "2005.12.27"]
[Round "1.25"]
[White "Turpin, Alexander"]
[Black "Gagarin, Vasilij"]
[Result "1-0"]
[WhiteElo "2082"]
[BlackElo "2422"]
[PlyCount "91"]
[EventDate "2005.12.27"]
[EventType "swiss"]
[EventRounds "9"]
[EventCountry "SWE"]
[Source "lmi"]
[SourceDate "2006.01.06"]

1. d4 d5 2. Nf3 Nf6 3. c4 c6 4. Nc3 a6 5. cxd5 cxd5 6. Bf4 Nc6 7. e3 Bg4 8. Bd3
e6 9. O-O Be7 10. Rc1 O-O 11. Na4 Ne4 12. a3 Rc8 13. Qc2 Bxf3 14. gxf3 Nxd4 15.
Bc7 Nxf3+ 16. Kg2 Nh4+ 17. Kh1 Qe8 18. Nb6 f5 19. Nxc8 Qxc8 20. f3 Nd6 21. Qa4
Qe8 22. Qxe8 Rxe8 23. Kg1 g5 24. Kf2 Kf7 25. Bb6 Nc8 26. Bd4 Bd6 27. e4 dxe4
28. fxe4 Bxh2 29. exf5 exf5 30. Rc5 Kg6 31. Rh1 Rd8 32. Rxh2 Rxd4 33. Ke3 Rd8
34. Rxh4 Re8+ 35. Kf3 gxh4 36. Bxf5+ Kf6 37. Bxc8 b6 38. Rc6+ Ke5 39. Bxa6 Rb8
40. Rh6 Kd5 41. Rxh4 Rf8+ 42. Ke3 Re8+ 43. Kd3 Re7 44. Rh5+ Kc6 45. Kc3 Rg7 46.
Bd3 1-0

[Event "35. Rilton Cup 2005/2006"]
[Site "Stockholm"]
[Date "2005.12.28"]
[Round "2.1"]
[White "Rozentalis, Eduardas"]
[Black "Couso, Luis"]
[Result "1-0"]
[WhiteElo "2585"]
[BlackElo "2347"]
[PlyCount "141"]
[EventDate "2005.12.27"]
[EventType "swiss"]
[EventRounds "9"]
[EventCountry "SWE"]
[Source "lmi"]
[SourceDate "2006.01.06"]

1. e4 e6 2. d4 d5 3. Nd2 dxe4 4. Nxe4 Bd7 5. Nf3 Bc6 6. Bd3 Nd7 7. O-O Ngf6 8.
Ned2 Be7 9. b3 O-O 10. Bb2 b6 11. c4 Bb7 12. Qe2 Re8 13. Rad1 c5 14. Rfe1 Qc7
15. Bc2 Rad8 16. dxc5 Nxc5 17. Ne5 a5 18. Ndf3 Nce4 19. Rxd8 Rxd8 20. Nxf7 Kxf7
21. Bxf6 Nxf6 22. Ng5+ Ke8 23. Nxe6 Qd7 24. Rd1 Bd6 25. c5 bxc5 26. Nxc5+ Qe7
27. Qxe7+ Bxe7 28. Rxd8+ Bxd8 29. Nxb7 Bc7 30. h4 h6 31. g3 Nd5 32. Nc5 Nc3 33.
a4 Ne2+ 34. Kf1 Nd4 35. Bd1 Bd6 36. Nd3 Ke7 37. Ke1 Kf6 38. Kd2 Nc6 39. Kc3 Nb4
40. Nf4 Bc5 41. f3 Bf2 42. Kc4 Be1 43. Kb5 Na2 44. Bc2 Bd2 45. Nd3 Nb4 46. Nc5
Ke5 47. f4+ Kd4 48. Bg6 Nd5 49. Ne6+ Ke3 50. Nxg7 Ne7 51. Bc2 Kf3 52. Nh5 Kg4
53. Bd1+ Kh3 54. Kc4 Nf5 55. g4 Nxh4 56. f5 Ng2 57. Kd3 Bb4 58. Ke4 Kh4 59. Nf6
Kg3 60. Nd5 Bc5 61. f6 Kf2 62. f7 Ke1 63. Bc2 Kd2 64. Bd3 Nh4 65. Bc4 Ng6 66.
Kf5 Nf8 67. Kf6 Nd7+ 68. Kg7 Ne5 69. Nf6 Bd4 70. f8=Q Nxg4 71. Qd6 1-0